000 00310nam a22001337a 4500
008 170511b xxu||||| |||| 00| 0 eng d
020 _a9780073402062
041 _aeng
080 _25 ED
_a34
100 _a15
101 _aSHJ
245 _aLAW ETHICS FOR MEIDCAL CAREERS
_cJUDSON.K
942 _2udc
_cBK
999 _c13267
_d13267